| 000 | 00864nam a22002057a 4500 | ||
|---|---|---|---|
| 010 | _a1617CH-EN | ||
| 020 |
_a9789383331222 _c199.00 |
||
| 035 | _aB-645472-495 | ||
| 035 | _aB-669789 | ||
| 037 |
_aDPL _bPragati/Ven. |
||
| 082 | _aS | ||
| 100 | _aPerkins, Mitali | ||
| 245 |
_aTiger boy / _cby Mitali Perkins |
||
| 260 |
_bDuckbill Books _aChennai _c2015 |
||
| 270 |
_a61 Silerline Building, Alapakkam Main Road, Maduravoyal, _bChennai _e600095 |
||
| 300 |
_a138p. _c21cm(pbk) |
||
| 942 |
_2ddc _cCH _mPER _hS |
||
| 999 |
_c100923 _d100923 |
||